<?xml version="1.0" encoding="UTF-8"?>
<marc:record xmlns:marc="http://www.loc.gov/MARC21/slim">
   <marc:leader>00000nam a2200000 a 4500</marc:leader>
   <marc:datafield ind1="1" ind2=" " tag="100">
      <marc:subfield code="a">Ahaus, Melanie</marc:subfield>
      <marc:subfield code="4">ctb</marc:subfield>
      <marc:subfield code="e">Mitwirkende/-r</marc:subfield>
   </marc:datafield>
   <marc:datafield ind1="1" ind2=" " tag="100">
      <marc:subfield code="a">Koch, Birger</marc:subfield>
      <marc:subfield code="4">ctb</marc:subfield>
      <marc:subfield code="e">Mitwirkende/-r</marc:subfield>
   </marc:datafield>
   <marc:datafield ind1=" " ind2=" " tag="653">
      <marc:subfield code="a">Kind</marc:subfield>
   </marc:datafield>
   <marc:datafield ind1=" " ind2=" " tag="653">
      <marc:subfield code="a">Krankheit</marc:subfield>
   </marc:datafield>
   <marc:datafield ind1=" " ind2=" " tag="653">
      <marc:subfield code="a">Selbstbewusstsein</marc:subfield>
   </marc:datafield>
   <marc:datafield ind1=" " ind2=" " tag="653">
      <marc:subfield code="a">Clique</marc:subfield>
   </marc:datafield>
   <marc:datafield ind1=" " ind2=" " tag="653">
      <marc:subfield code="a">Welpe</marc:subfield>
   </marc:datafield>
   <marc:datafield ind1=" " ind2=" " tag="653">
      <marc:subfield code="a">Rettung</marc:subfield>
   </marc:datafield>
   <marc:datafield ind1=" " ind2=" " tag="653">
      <marc:subfield code="a">Softcover</marc:subfield>
   </marc:datafield>
   <marc:datafield ind1=" " ind2=" " tag="653">
      <marc:subfield code="a">Karte</marc:subfield>
   </marc:datafield>
   <marc:datafield ind1=" " ind2=" " tag="653">
      <marc:subfield code="a">Jugendbuch / Sachbilderbücher</marc:subfield>
   </marc:datafield>
   <marc:datafield ind1=" " ind2=" " tag="653">
      <marc:subfield code="a">Sachbilderbuch</marc:subfield>
   </marc:datafield>
   <marc:datafield ind1=" " ind2=" " tag="653">
      <marc:subfield code="a">Bilderbuch</marc:subfield>
   </marc:datafield>
   <marc:datafield ind1="0" ind2="0" tag="245">
      <marc:subfield code="a">Die Tropfenbande besiegt Krebs, Fehlsichtigkeit, Epilepsie, Asthma und Neurodermitis</marc:subfield>
   </marc:datafield>
   <marc:datafield ind1="0" ind2="0" tag="245">
      <marc:subfield code="c">Melanie Ahaus ... Ill. von Birger Koch</marc:subfield>
   </marc:datafield>
   <marc:datafield ind1=" " ind2="1" tag="264">
      <marc:subfield code="a">Hamburg</marc:subfield>
      <marc:subfield code="b">Hamburger Kinderbuch-Verl. Schumacher</marc:subfield>
   </marc:datafield>
   <marc:datafield ind1=" " ind2=" " tag="250">
      <marc:subfield code="a">1. Aufl.</marc:subfield>
   </marc:datafield>
   <marc:datafield ind1="1" ind2=" " tag="520">
      <marc:subfield code="a">Angaben aus der Verlagsmeldung

Die Tropfenbande : Eine Abenteuergeschichte in der (fast ganz nebenbei) Allergie, Asthma, Epilepsie, Fehlsichtigkeit, Krebs und Neurodermitis erklärt werden / von Melanie Ahaus, Hans R Drunkenmölle, Karl Hansen, Peter Kaupke

"Die Tropfenbande" ist ein erzählendes Sach-Bilderbuch zum Thema chronisch verlaufender und / oder schwerer Erkrankungen im Kindesalter (Neurodermitis, Krebs, Fehlsichtigkeit, Allergie (Heuschnupfen / Asthma) und Epilepsie).

5 Kinder, betroffen von jeweils einer der Erkrankungen, finden zueinander und bilden die Tropfenbande. Die Tropfenbande erlebt ein fesselndes Abenteuer. Dabei kommt es zu Situationen, die die Kinder veranlassen, in eigener Sprache den anderen verständlich ihre Erkrankung und das Leben damit zu erklären. Es wird deutlich, dass es kein Makel und keine Schuld ist, krank zu sein. Das Verstehen der Erkrankung nimmt die Angst davor und die Schilderung erfolgreicher Therapien gibt realistisch positive Aussichten. Vorurteile werden abgebaut ("ein Epileptiker ist kein Hirnspastie") und der Umgang miteinander gefördert ("Neurodermitis ist nicht ansteckend").

In einem separaten Kapitel sind die sog. "Elterninformationen" zu den Erkrankungen übersichtlich zusammengefasst und Kontaktadressen aufgeführt.

Ein Buch, das dem Informationsdefizit nicht nur bei Kranken und deren unmittelbaren Betreuern, sondern bei jedem Menschen entgegenwirkt und Berührungsängste abbaut.

Für Kinder eine spannende Abenteuergeschichte, die sie ganz nebenbei ihre eigene Erkrankung oder die ihrer Schwester, ihrer Freundin / ihres Bruders, ihres Freundes verstehen lässt.
</marc:subfield>
   </marc:datafield>
   <marc:datafield ind1=" " ind2=" " tag="020">
      <marc:subfield code="a">9783866310001</marc:subfield>
      <marc:subfield code="9">9783866310001</marc:subfield>
   </marc:datafield>
   <marc:datafield ind1=" " ind2=" " tag="020">
      <marc:subfield code="a">3866310005</marc:subfield>
      <marc:subfield code="9">3866310005</marc:subfield>
   </marc:datafield>
   <marc:datafield ind1=" " ind2=" " tag="041">
      <marc:subfield code="a">ger</marc:subfield>
   </marc:datafield>
   <marc:datafield ind1=" " ind2=" " tag="300">
      <marc:subfield code="a">75 S.</marc:subfield>
   </marc:datafield>
</marc:record>
